000 00211nam a22000977a 4500
999 _c522089
_d522089
082 _aTNC
100 _aKapp, Yvonne
_936755
245 _aEleanor Marx
260 _aNew York
_bPantheon Books
_c1972
300 _a319p.